Principles of Hindu law / (Record no. 136726)
[ view plain ]
| 000 -LEADER | |
|---|---|
| fixed length control field | 00536nam a2200193 4500 |
| 010 ## - LIBRARY OF CONGRESS CONTROL NUMBER | |
| LC control number | B-064078 |
| 035 ## - SYSTEM CONTROL NUMBER | |
| System control number | B-064078 |
| 037 ## - SOURCE OF ACQUISITION | |
| Source of stock number/acquisition | Cen Lib / Ret |
| 040 ## - CATALOGING SOURCE | |
| Original cataloging agency | DPL |
| Language of cataloging | En |
| 082 ## - DEWEY DECIMAL CLASSIFICATION NUMBER | |
| Classification number | 349.54 |
| Item number | DES |
| 100 ## - MAIN ENTRY--PERSONAL NAME | |
| Personal name | Desai, Satyajeet A. |
| 245 ## - TITLE STATEMENT | |
| Title | Principles of Hindu law / |
| Statement of responsibility, etc | by Satyajeet A Desai |
| 250 ## - EDITION STATEMENT | |
| Edition statement | 18th ed |
| 260 ## - PUBLICATION, DISTRIBUTION, ETC. (IMPRINT) | |
| Place of publication, distribution, etc | New Delhi |
| Name of publisher, distributor, etc | Butterworths India |
| Date of publication, distribution, etc | 2001 |
| 270 ## - ADDRESS | |
| Address | Butterworths India |
| City | New Delhi |
| 300 ## - PHYSICAL DESCRIPTION | |
| Extent | (v1. xli, 999) |
| Other physical details | 24cm(Hb) |
| 650 ## - SUBJECT ADDED ENTRY--TOPICAL TERM | |
| Topical term or geographic name as entry element | Hindu law |
| 942 ## - ADDED ENTRY ELEMENTS (KOHA) | |
| Source of classification or shelving scheme | Dewey Decimal Classification |
| Koha item type | English Books |
| Classification part | 349.54 |
| Call number suffix | DES |
| Withdrawn status | Lost status | Source of classification or shelving scheme | Materials specified (bound volume or other part) | Damaged status | Not for loan | Home library | Current library | Date acquired | Source of acquisition | Total Checkouts | Total Renewals | Full call number | Barcode | Date last seen | Date checked out | Copy number | Price effective from | Koha item type |
|---|---|---|---|---|---|---|---|---|---|---|---|---|---|---|---|---|---|---|
| Dewey Decimal Classification | v 1 | Central Library | Central Library | 08/03/2016 | Cen Lib/Ret | 7 | 4 | 349.54 DES | B-064078 | 14/03/2026 | 27/02/2026 | 1 | 08/03/2016 | English Books |
